Yes Prime Minister (Record no. 37203)

MARC details
000 -LEADER
fixed length control field 00390nam a2200169Ia 4500
020 ## - INTERNATIONAL STANDARD BOOK NUMBER
ISBN 0-88162-335-0
050 ## - CALL MARK
Classification number PR6062.Y618YL
100 ## - STATEMENT OF RESPONSIBILITY--MAIN AUTHOR NAME
Personal name Jonathan Lynn
245 #0 - TITLE STATEMENT
Title Yes Prime Minister
260 ## - PUBLICATION, DISTRIBUTION, ETC. (IMPRINT)
Name of publisher Salem House Publishers
260 ## - PUBLICATION, DISTRIBUTION, ETC. (IMPRINT)
Year of publication 1988
300 ## - PHYSICAL DESCRIPTION
Number of Pages 391 p
650 ## - SUBJECT ADDED ENTRY--TOPICAL TERM
Topical Term Literature
942 ## - ADDED ENTRY ELEMENTS (KOHA)
Koha item type Books
Holdings
Withdrawn status Lost status Source of classification or shelving scheme Damaged status Not for loan Permanent Location Current Location Date acquired Accession Number Price effective from Koha item type
    Library of Congress Classification     NILE UNIVERSITY OF NIGERIA - MAIN LIBRARY NILE UNIVERSITY OF NIGERIA - MAIN LIBRARY 04/23/2025 0005896 04/23/2025 Books